000 00942nam a2200277Ia 4500
003 OSt
005 20221005111147.0
006 a|||||r|||| 00| 0
007 ta
008 221004b |||||||| |||| 00| 0 hin d
020 _a8181430913 (hbk)
_c500
024 _a17644
037 _b521, 21/03/2015, Vani Prakashan
_cTextual
040 _aCRL
_cCRL
_bhin
041 _2hin
_ahin
082 _aO44,3x, 152P4;Q3
100 _aभण्डारी, मन्नू
245 0 _aकथा - पटकथा
246 _aKathā - paṭakathā
250 _a2 संस्करण
260 _aनई दिल्ली
_bवाणी प्रकाशन भारत
_c2013
300 _a216पृ0
_ccm.
650 _aहिन्दी साहित्य
942 _hO44,3x, 152P4;Q3
_cTEXL
_2cc
999 _c1020992
_d1020992